000 00707nam a2200289Ia 4500
005 20260324124204.0
008 008 260324s9999 xx 000 0 eng d
020 _a9781315127224
037 _aEBOOK
040 _aCRL
040 _beng
040 _cCRL
041 _2eng
041 _aeng
084 _qCRL
100 _aDmitri N. Shalin
_91173186
245 0 _aPragmatism and Democracy
245 0 _bStudies in History, Social Theory, and Progressive Politics
260 _bTaylor and Francis
260 _c2011
365 _a
365 _b65.99
856 _uhttp://www.taylorfrancis.com/books/9781315127224
942 _cEBOOK
999 _c1767367
_d1767367